000 00510nam a22001817a 4500
005 20251108164652.0
008 250721s1999 xx 000 0 ara d
082 1 4 _a615.7/حمي
100 1 _aالحميدي، سامي
245 1 0 _aمحاذير الأدوية المفهرس /
264 1 _aعمان :
_bالمؤلف،
_c1999.
300 _a120ص.
650 1 7 _aالأدوية
650 1 7 _aالخواص الطبية
650 1 7 _aالأعراض الجانبية
942 _2ddc
_cBK
999 _c11398
_d11398